Top 30 : Niska - Statistiques

Statistiques générales
  • Ce quiz a été pris 256 fois
  • Le résultat moyen est 15 sur 30
Statistiques - réponses
Top Titres Featuring % Correct
2 Réseaux
81%
1 Maman ne le sait pas Ninho
79%
8 RR 9.1 Koba LaD
76%
7 Médicament Booba
75%
20 Matuidi Charo (PSG) Rako, Brigi, Trafiquinte, Madrane
72%
6 Salé
66%
9 MD 4Keus
63%
5 Sapés comme jamais - Pilule bleue GIMS
63%
3 Balader Soolking
54%
29 Liquide Shay
54%
13 Méchant Ninho
54%
11 Tuba Life Booba
54%
4 Joli bébé Naza
51%
12 Chasse à l'homme
50%
16 Mode AV Tiakola, Gazo
47%
21 Elle a mal Ninho
46%
25 Sucette Aya Nakamura
46%
10 Bâtiment
45%
15 N.I Ninho
45%
27 Collabo Ninho
44%
14 Coco Ninho
39%
17 Siliconé
34%
28 Sans Coeur Shay
33%
26 On sait jamais PLK
32%
30 Criminel Bramsito
28%
19 Medellín
28%
22 W.L.G
27%
24 Du lundi au lundi
24%
23 44
22%
18 Millions d'euros Landy
22%
Aucun quiz correspondant
Distribution des résultats
% des personnes avec chaque résultat
Percentile par nombre de réponses
Votre historique - résultats
Vous n’avez pas pris ce quiz